Nobel : (Record no. 344734)
[ view plain ]
| 000 -LEADER | |
|---|---|
| fixed length control field | 00689nam a2200289Ia 4500 |
| 008 - FIXED-LENGTH DATA ELEMENTS--GENERAL INFORMATION | |
| fixed length control field | 171025s9999 xx 000 0 und d |
| 020 ## - INTERNATIONAL STANDARD BOOK NUMBER | |
| International Standard Book Number | 9781554074112 |
| 050 ## - LIBRARY OF CONGRESS CALL NUMBER | |
| Classification number | 1.4 |
| 050 ## - LIBRARY OF CONGRESS CALL NUMBER | |
| Item number | W926 2008 |
| 100 ## - MAIN ENTRY--PERSONAL NAME | |
| Personal name | Worek, Michael |
| 245 ## - TITLE STATEMENT | |
| Title | Nobel : |
| 245 ## - TITLE STATEMENT | |
| Remainder of title | a century of prize winners / |
| 245 ## - TITLE STATEMENT | |
| Statement of responsibility, etc | by Michael Worek. |
| 260 ## - PUBLICATION, DISTRIBUTION, ETC. (IMPRINT) | |
| Place of publication, distribution, etc | Canada : |
| 260 ## - PUBLICATION, DISTRIBUTION, ETC. (IMPRINT) | |
| Name of publisher, distributor, etc | Firefly, |
| 260 ## - PUBLICATION, DISTRIBUTION, ETC. (IMPRINT) | |
| Date of publication, distribution, etc | 2008 |
| 300 ## - PHYSICAL DESCRIPTION | |
| Extent | 320 pages : |
| 300 ## - PHYSICAL DESCRIPTION | |
| Other physical details | colored illustrations ; |
| 300 ## - PHYSICAL DESCRIPTION | |
| Dimensions | 25cm. |
| 500 ## - GENERAL NOTE | |
| General note | Includes index . |
| 650 ## - SUBJECT ADDED ENTRY--TOPICAL TERM | |
| Topical term or geographic name as entry element | Nobel prize winners -- |
| 650 ## - SUBJECT ADDED ENTRY--TOPICAL TERM | |
| Topical term or geographic name as entry element | Nobel prize. |
| 650 ## - SUBJECT ADDED ENTRY--TOPICAL TERM | |
| Topical term or geographic name as entry element | Nobel prizes -- |
| 650 ## - SUBJECT ADDED ENTRY--TOPICAL TERM | |
| General subdivision | Biography. |
| 650 ## - SUBJECT ADDED ENTRY--TOPICAL TERM | |
| General subdivision | History. |
| 700 ## - ADDED ENTRY--PERSONAL NAME | |
| Personal name | Title. |
| Withdrawn status | Lost status | Damaged status | Home library | Current library | Date acquired | Total Checkouts | Full call number | Barcode | Date last seen | Price effective from | Koha item type |
|---|---|---|---|---|---|---|---|---|---|---|---|
| Stonyhurst Southville International School (Malarayat) | Stonyhurst Southville International School (Malarayat) | 10/25/2017 | SHS 001.4 W926 2008 | SSISM3787 | 10/25/2017 | 10/25/2017 | Books |